Amulet-7 ( FireLight) (Record no. 12160)
[ view plain ]
| 000 -LEADER | |
|---|---|
| fixed length control field | 00252nam a22000977a 4500 |
| 008 - FIXED-LENGTH DATA ELEMENTS--GENERAL INFORMATION | |
| fixed length control field | 221128b |||||||| |||| 00| 0 eng d |
| 020 ## - INTERNATIONAL STANDARD BOOK NUMBER | |
| International Standard Book Number | 9789389823974 |
| 100 ## - MAIN ENTRY--PERSONAL NAME | |
| Personal name | Kibuishi Kazu |
| 9 (RLIN) | 7631 |
| 245 ## - TITLE STATEMENT | |
| Title | Amulet-7 ( FireLight) |
| 260 ## - PUBLICATION, DISTRIBUTION, ETC. (IMPRINT) | |
| Place of publication, distribution, etc. | India |
| Name of publisher, distributor, etc. | Scholastic |
| Date of publication, distribution, etc. | 2022 |
| Withdrawn status | Lost status | Source of classification or shelving scheme | Damaged status | Koha normalized classification for sorting | Not for loan | Home library | Current library | Shelving location | Date acquired | Total Checkouts | Total Renewals | Full call number | Barcode | Date last seen | Date last checked out | Price effective from | Koha item type |
|---|---|---|---|---|---|---|---|---|---|---|---|---|---|---|---|---|---|
| Dewey Decimal Classification | KIB_820_000000000000000 | Good Samaritan School Library | Good Samaritan School Library | FICTION | 11/28/2022 | 27 | 2 | KIB820 | KIB17404 | 08/14/2025 | 08/05/2025 | 11/28/2022 | BOOK |